| 000 | 01015nas a2200313 4500 | ||
|---|---|---|---|
| 001 | BR0603682 | ||
| 003 | BR-BrBNA | ||
| 005 | 20231205110246.0 | ||
| 007 | ta | ||
| 008 | 230509b bl.|||p| |||| 00| 00por d | ||
| 040 |
_aBR-BrBNA _bpor _cBiblioteca Nacional de Agricultura |
||
| 041 | _a(Pt) | ||
| 072 | _aL20; L73 | ||
| 100 | 1 | _aMagalhães, H.R. | |
| 100 | 1 | _aFaro, L.E. | |
| 100 | 1 | _aCardoso, V.L. | |
| 100 | 1 | _aPaz, C.C.P. de | |
| 100 | 1 | _aCassoli, L.D. | |
| 100 | 1 | _aMachado, P.F. | |
| 245 | 1 | _aInfluência de fatores de ambientes sobre a contagem de células somáticas e sua relação com perdas na produção de leite de vacas da raça Holandesa | |
| 650 | _aGADO HOLANDÊS | ||
| 650 | _aCONDIÇÃO AMBIENTAL | ||
| 650 | _aPERDA DA PRODUÇÃO | ||
| 650 | _aMAMITE | ||
| 650 | _aREGRESSÃO LINEAR | ||
| 773 | 0 |
_tRevista Brasileira de Zootecnia (Brazil) _xISSN 1516-3598 _g(Mar-Apr 2006), v. 35(2) p. 415-421 _wBR0603682 |
|
| 909 |
_a202311 _bLúcia _c55 _dLúcia Elande |
||
| 942 |
_2AGRIS _n0 _cANA |
||
| 999 |
_c186715 _d186715 |
||